000 00685nam a2200217Ia 4500
001 8256
003 GE_BSU
008 181216s||||||||xx |||||||||||||| ||und||
040 _cGE_BSU
245 _aРеферативный журнал.№9. 13Б.математический анализ. 2013
245 _b13Б.математический анализ.
260 _aМосква
260 _bВинити.
260 _c2013.
300 _aСD-R52x
653 _acd
653 _aМатематика
653 _aРеферативный журнал.№9. 13Б.математический анализ. 2013
653 _aმათემატიკა
942 _cCF
999 _c41588
_d41588